000 00981nam a22002892a 4500
001 21659
003 BD-RjUL
005 20211209000719.0
008 140305s1953 enk 000 0aeng d
035 _aOCLC ocm01311164 from D950531M
_a(BD-RjUL)21724
040 _aDLC
_cHEI
_dOCL
_dTJC
_dUKM
_dEQO
_dBD-RjUL
_beng
041 _aeng
082 _a928.2
_bBUR 1953
100 1 _aBurns, Robert,
_d1759-1796.
_966884
245 1 0 _aSelected letters of Robert Burns /
_cEdited and with an introd. by De Lancey Ferguson
260 _aLondon ;
_a New York :
_bOxford University Press,
_c1953
300 _axxvii, 371 p. :
_c15 cm
490 1 _aWorld's classics ;
_v529
600 _a Burns, Robert,
_d1759-1796.
_968139
650 _a Burns, Robert. -- 1759-1796.
_966886
830 0 _v529
_968140
700 1 _aFerguson, J. De Lancey
_q(John De Lancey),
_d1888-1966
_966888
830 0 _aWorld's classics ;
_968141
942 _2ddc
_cBK
999 _c21659
_d21659